| Tag |
First Indicator |
Second Indicator |
Subfields |
| LEADER |
00000cam a2200000 a 4500 |
| 001 |
in00000019936 |
| 005 |
20151007053752.0 |
| 007 |
he bmb||||||| |
| 008 |
880520r19881984orua bb 00010 eng d |
| 035 |
|
|
|a (OCoLC)17979117
|
| 035 |
|
|
|9 AAB2766AM
|
| 040 |
|
|
|a ORU
|c INT
|d INT
|d HPE
|d UtOrBLW
|
| 049 |
|
|
|a TXAI
|
| 099 |
|
|
|a fiche
|a C
|a 10708
|
| 100 |
1 |
|
|a Tharion, William J.,
|d 1957-
|
| 245 |
1 |
0 |
|a Perceptual moment length and tracking capabilities under restricted viewing conditions /
|c by William J. Tharion.
|
| 264 |
|
1 |
|a [Place of publication not identified] :
|b [publisher not identified] ;
|c 1984.
|
| 300 |
|
|
|a xiv, 136 leaves :
|b illustrations
|
| 336 |
|
|
|a text
|b txt
|2 rdacontent
|
| 337 |
|
|
|a microform
|b h
|2 rdamedia
|
| 338 |
|
|
|a microfiche
|b he
|2 rdacarrier
|
| 502 |
|
|
|b M.S.
|c University of Massachusetts
|d 1984.
|
| 504 |
|
|
|a Bibliography: leaves 123-129.
|
| 533 |
|
|
|a Microfiche.
|b Eugene :
|c Microform Publications, College of Human Development and Performance, University of Oregon,
|d 1988.
|e 2 microfiches : negative ; 11 x 15 cm.
|
| 500 |
|
|
|a Microform.
|
| 650 |
|
0 |
|a Motion perception (Vision)
|
| 650 |
|
0 |
|a Human information processing.
|
| 650 |
|
0 |
|a Reaction time.
|
| 999 |
|
|
|a MARS
|
| 999 |
f |
f |
|s 9e8f83f6-8f8b-375a-96cb-ecb44e01eff6
|i c4436a5c-a3ae-3b5b-9639-b6c98c8ee83e
|t 0
|
| 952 |
f |
f |
|p default
|a Texas A&M University
|b College Station
|c Sterling C. Evans Library
|d Evans: Microforms (3rd floor)
|t 0
|e fiche C 10708
|h Other scheme
|i microform -- microfiche
|
| 998 |
f |
f |
|a fiche C 10708
|t 0
|l Evans: Microforms (3rd floor)
|